000064701 001__ 64701
000064701 005__ 20230317124102.0
000064701 0247_ $$2doi$$a10.1063/1.1301824
000064701 037__ $$aGSI-2014-00132
000064701 041__ $$aEnglish
000064701 1001_ $$aWefers, E.$$b0$$eCorresponding author
000064701 1112_ $$0Conf-_Sevilla_(Spain)$$aExperimental nuclear physics in europe: Facing the next millennium$$cSevilla (Spain)$$d1999-06-21 - 1999-06-26$$gENPE 99$$pAIP Conference Proceedings$$w Spain
000064701 245__ $$aHalflives of rp-process waiting point nuclei
000064701 260__ $$aNew York, NY$$bAIP$$c1999
000064701 300__ $$a375 - 376
000064701 3367_ $$0PUB:(DE-HGF)8$$2PUB:(DE-HGF)$$aContribution to a conference proceedings$$bcontrib$$mcontrib$$s1391616320_2279
000064701 3367_ $$2DRIVER$$aconferenceObject
000064701 3367_ $$2BibTeX$$aINPROCEEDINGS
000064701 3367_ $$033$$2EndNote$$aConference Paper
000064701 4900_ $$aAIP CONFERENCE PROCEEDINGS$$v495
000064701 536__ $$0G:(DE-HGF)POF2-899$$a899 - ohne Topic (POF2-899)$$cPOF2-899$$fPOF I$$x0
000064701 588__ $$aDataset connected to CrossRef Conference
000064701 7001_ $$aFaestermann, T.$$b1
000064701 7001_ $$aMünch, M.$$b2
000064701 7001_ $$aSchneider, R.$$b3
000064701 7001_ $$aStolz, A.$$b4
000064701 7001_ $$0P:(DE-Ds200)BUDP1-0313$$aSümmerer, K.$$b5$$ugsi
000064701 7001_ $$aFriese, J.$$b6
000064701 7001_ $$0P:(DE-Ds200)OR0346$$aGeissel, H.$$b7$$ugsi
000064701 7001_ $$aHellström, M.$$b8
000064701 7001_ $$aKienle, P.$$b9
000064701 7001_ $$aKörner, H.-J.$$b10
000064701 7001_ $$0P:(DE-Ds200)BUDP1-0212$$aMünzenberg, G.$$b11$$ugsi
000064701 7001_ $$0P:(DE-HGF)0$$aSchlegel, C.$$b12
000064701 7001_ $$aThirolf, P.$$b13
000064701 7001_ $$0P:(DE-Ds200)OR1370$$aWeick, H.$$b14$$ugsi
000064701 7001_ $$aZeitelhack, K.$$b15
000064701 773__ $$a10.1063/1.1301824
000064701 909CO $$ooai:repository.gsi.de:64701$$pVDB
000064701 9101_ $$0I:(DE-Ds200)20121206GSI$$6P:(DE-Ds200)BUDP1-0313$$aGSI Helmholtzzentrum für Schwerionenforschung GmbH$$b5$$kGSI
000064701 9101_ $$0I:(DE-Ds200)20121206GSI$$6P:(DE-Ds200)OR0346$$aGSI Helmholtzzentrum für Schwerionenforschung GmbH$$b7$$kGSI
000064701 9101_ $$0I:(DE-Ds200)20121206GSI$$6P:(DE-Ds200)BUDP1-0212$$aGSI Helmholtzzentrum für Schwerionenforschung GmbH$$b11$$kGSI
000064701 9101_ $$0I:(DE-Ds200)20121206GSI$$6P:(DE-HGF)0$$aGSI Helmholtzzentrum für Schwerionenforschung GmbH$$b12$$kGSI
000064701 9101_ $$0I:(DE-Ds200)20121206GSI$$6P:(DE-Ds200)OR1370$$aGSI Helmholtzzentrum für Schwerionenforschung GmbH$$b14$$kGSI
000064701 9131_ $$0G:(DE-HGF)POF2-899$$1G:(DE-HGF)POF2-890$$2G:(DE-HGF)POF2-800$$3G:(DE-HGF)POF2$$4G:(DE-HGF)POF$$aDE-HGF$$bProgrammungebundene Forschung$$lohne Programm$$vohne Topic$$x0
000064701 920__ $$lyes
000064701 9201_ $$0I:(DE-Ds200)FRS-20110310OR124$$kFRS$$lFRS / SFRS Experimente$$x0
000064701 980__ $$acontrib
000064701 980__ $$aVDB
000064701 980__ $$aI:(DE-Ds200)20110831OR124
000064701 980__ $$aI:(DE-Ds200)FRS-20110310OR124
000064701 980__ $$aUNRESTRICTED